[Event "Turniej Niepodleglosci 2022"]
[Site "Warsaw POL"]
[Date "2022.11.11"]
[Round "2.7"]
[White "Kacprzak, Kacper"]
[Black "Kanarek, Marcel"]
[Result "0-1"]
[WhiteElo "2103"]
[BlackElo "2388"]

1. e4 c5 2. Nf3 d6 3. d4 cxd4 4. Nxd4 Nf6 5. Nc3 g6 6. Be3 Bg7 7. f3 O-O 8.
Qd2 Nc6 9. O-O-O d5 10. exd5 Nxd5 11. Nxc6 bxc6 12. Bd4 Bxd4 13. Qxd4 Qb6
14. Na4 Qa5 15. a3 e5 16. Qh4 Bf5 17. Nc3 Nxc3 18. Qe1 Na2+ 19. Kb1 Qa4 20.
Kxa2 Qxc2 21. Ka1 Be6 22. Bd3 Qxg2 23. Qxe5 Qxf3 24. Bb1 Rfd8 25. Rdf1 Qd5
26. Qc3 Rab8 27. h4 Qd4 28. Qxd4 Rxd4 29. h5 Rd2 30. hxg6 hxg6 31. b4 Bd5
32. Rd1 Rxd1 33. Rxd1 Kg7 34. Kb2 f5 35. Kc3 Kf6 36. a4 g5 37. b5 Ke5 38.
Re1+ Be4 39. Kc4 cxb5+ 40. axb5 g4 41. Bd3 g3 42. Bf1 Rc8+ 0-1

[Event "Turniej Niepodleglosci 2022"]
[Site "Warsaw POL"]
[Date "2022.11.11"]
[Round "2.8"]
[White "Piesik, Piotr"]
[Black "Janeczko, Jakub"]
[Result "1-0"]
[WhiteElo "2376"]
[BlackElo "2105"]

1. Nf3 Nf6 2. g3 g6 3. Bg2 Bg7 4. O-O O-O 5. d4 d6 6. Nbd2 Nbd7 7. e4 e5 8.
dxe5 dxe5 9. Qe2 c6 10. a4 a5 11. Rd1 Qc7 12. b3 Re8 13. Nc4 Nc5 14. Nfd2
Bg4 15. f3 Be6 16. Bb2 Nfd7 17. Ne3 h5 18. h4 Rad8 19. Ndc4 Nf8 20. Rxd8
Rxd8 21. Rd1 Bxc4 22. Nxc4 Nfe6 23. Rxd8+ Qxd8 24. Qd2 Qxd2 25. Nxd2 b5 26.
axb5 cxb5 27. Bf1 Bh6 28. Nb1 Be3+ 29. Kg2 Bd4 30. c3 Be3 31. b4 Na4 32.
Ba3 axb4 33. Bxb4 Bc5 34. Bxb5 Bxb4 35. cxb4 Nb6 36. Na3 Nd4 37. Kf2 Kf8
38. Bd3 Nc6 39. b5 Na5 40. f4 f6 41. Nc2 Ke7 42. Ne3 Kd6 43. f5 g5 44. hxg5
fxg5 45. Be2 h4 46. gxh4 gxh4 47. Kf3 Nb3 48. Kg4 Nd4 49. Bf1 Nd7 50. Kxh4
Nc5 51. Nc4+ Kc7 52. Nd2 Kd6 53. Kg5 Ke7 54. Kg6 Nd7 55. Bd3 Nf8+ 56. Kg7
Nd7 57. Bc4 Nf6 58. Kg6 Nc2 59. b6 Ne3 60. b7 Nd7 61. Bb5 Nb8 62. f6+ Kf8
63. Nc4 Ng2 64. Nxe5 Nf4+ 65. Kf5 1-0

[Event "Turniej Niepodleglosci 2022"]
[Site "Warsaw POL"]
[Date "2022.11.11"]
[Round "2.9"]
[White "Kowalczyk, Rafal"]
[Black "Golubka, Petro"]
[Result "1-0"]
[WhiteElo "2093"]
[BlackElo "2360"]

1. e4 b6 2. d4 Bb7 3. Bd3 e6 4. Nf3 g6 5. Qe2 Bg7 6. h4 h6 7. Bf4 d6 8.
Nbd2 Ne7 9. e5 d5 10. O-O c5 11. c3 Nbc6 12. Rac1 Nf5 13. h5 g5 14. g4 Nfe7
15. Be3 c4 16. Bc2 Qc7 17. a4 O-O-O 18. b3 cxb3 19. Nxb3 f6 20. exf6 Bxf6
21. a5 Kd7 22. Rfe1 Ke8 23. axb6 axb6 24. Bd2 Bc8 25. Bd3 Kf7 26. Ne5+ Kg7
27. f4 gxf4 28. Bxf4 Nxe5 29. dxe5 Bh4 30. Rf1 Rdf8 31. Nd4 Nc6 32. Qh2 Be7
33. Bb5 Bc5 34. Qc2 Ne7 35. Qd3 Bd7 36. Kg2 Rf7 37. Bxd7 Qxd7 38. Qd2 Ng8
39. Qd3 Ne7 40. Qd2 Ng8 41. Be3 Rh7 42. Qd3 Kh8 43. Qe2 Rhg7 44. Kh3 Rxf1
45. Rxf1 Rf7 46. Ra1 Qe8 47. Qd3 Qf8 48. Nxe6 Rf3+ 49. Kg2 Qf7 50. Nxc5
bxc5 51. Qe2 Rf4 52. Bxf4 Qxf4 53. e6 Ne7 54. Rf1 Qg5 55. Rf8+ Kg7 56. Rf7+
Kg8 57. Qf3 Kh8 58. Qf6+ Qxf6 59. Rxf6 1-0

[Event "Turniej Niepodleglosci 2022"]
[Site "Warsaw POL"]
[Date "2022.11.11"]
[Round "2.10"]
[White "Psyk, Radoslaw"]
[Black "Rozycki, Bartlomiej"]
[Result "1-0"]
[WhiteElo "2330"]
[BlackElo "2096"]

1. e4 c6 2. d4 d5 3. Nd2 dxe4 4. Nxe4 Bf5 5. Nc5 Qc7 6. Nf3 e6 7. Bd3 Bxd3
8. Nxd3 Nf6 9. O-O Bd6 10. c4 Nbd7 11. Qe2 O-O 12. b3 a5 13. a4 Rfe8 14.
Re1 Rad8 15. Bb2 h6 16. Rad1 Bf8 17. h3 Qb6 18. Qc2 Qc7 19. Bc3 b5 20. Qd2
b4 21. Bb2 c5 22. Qe2 Be7 23. Rd2 cxd4 24. Nxd4 Nc5 25. Nb5 Qb7 26. Nxc5
Bxc5 27. Bxf6 gxf6 28. Red1 Qb8 29. Qg4+ Kf8 30. Qh5 Bb6 31. Rd7 Rxd7 32.
Rxd7 Bxf2+ 33. Kf1 Re7 34. Qxh6+ Kg8 35. Rxe7 Qd8 36. Qxf6 Qd3+ 37. Kxf2
Qc2+ 38. Kg3 1-0

[Event "Turniej Niepodleglosci 2022"]
[Site "Warsaw POL"]
[Date "2022.11.11"]
[Round "2.11"]
[White "Bartel, Marta"]
[Black "Kozak, Antoni"]
[Result "0-1"]
[WhiteElo "2090"]
[BlackElo "2326"]

1. d4 d5 2. c4 e6 3. Nf3 Nf6 4. Nc3 c6 5. e3 Nbd7 6. Qc2 Bd6 7. e4 dxe4 8.
Nxe4 Nxe4 9. Qxe4 Bb4+ 10. Bd2 Bxd2+ 11. Nxd2 c5 12. dxc5 Qa5 13. Be2 O-O
14. Qc2 Qxc5 15. O-O Ne5 16. Nb3 Qc7 17. Nd4 Bd7 18. Rac1 Rfd8 19. Qe4 Nc6
20. Nb5 Qe5 21. Bd3 f5 22. Qe2 a6 23. Nc3 Qf4 24. Rfe1 Nd4 25. Qe5 Qxe5 26.
Rxe5 Bc6 27. Bf1 Kf7 28. b4 Kf6 29. Ree1 g5 30. h3 h5 31. b5 Be8 32. a4 Nb3
33. Rcd1 Nc5 34. a5 Nb3 35. Na4 Rxd1 36. Rxd1 axb5 37. cxb5 Rxa5 38. Nc3
Ke7 39. Re1 Nd4 40. Rb1 b6 41. Rb4 e5 42. Rc4 Ra1 43. Rc8 Bxb5 44. Nxb5
Nxb5 45. g4 fxg4 46. hxg4 h4 47. Rb8 Nd4 48. Kg2 h3+ 0-1

[Event "Turniej Niepodleglosci 2022"]
[Site "Warsaw POL"]
[Date "2022.11.11"]
[Round "2.12"]
[White "Pacan-milej, Kosma"]
[Black "Dudzinski, Pawel"]
[Result "1-0"]
[WhiteElo "2302"]
[BlackElo "2086"]

1. d4 f5 2. g3 Nf6 3. Bg2 g6 4. Nf3 Bg7 5. O-O O-O 6. Nbd2 d6 7. Re1 c6 8.
e4 Nxe4 9. Nxe4 fxe4 10. Rxe4 Bf5 11. Re1 Bg4 12. c3 Bxf3 13. Bxf3 Nd7 14.
Bg4 e5 15. Qb3+ Kh8 16. Qxb7 Nf6 17. Bf3 e4 18. Bxe4 Re8 19. Bg5 Rb8 20.
Qxc6 Rxb2 21. Bxf6 Bxf6 22. Bxg6 Re7 23. Bd3 Rxa2 24. Rxa2 Rxe1+ 25. Kg2
Re7 26. Qf3 Rc7 27. Qf5 Qe7 28. Re2 Qf7 29. Re6 Bg7 30. Qxh7# 1-0

[Event "Turniej Niepodleglosci 2022"]
[Site "Warsaw POL"]
[Date "2022.11.11"]
[Round "2.13"]
[White "Bugajski, Robert"]
[Black "Kowalski, Igor"]
[Result "0-1"]
[WhiteElo "2062"]
[BlackElo "2299"]

1. d4 Nf6 2. c4 g6 3. Nc3 Bg7 4. g3 c6 5. Bg2 d5 6. cxd5 cxd5 7. Nf3 O-O 8.
O-O Ne4 9. Qb3 Nc6 10. e3 Nxc3 11. Qxc3 Bf5 12. b3 Rc8 13. Qd2 Qb6 14. Bb2
Nb4 15. Bc3 a5 16. Nh4 Be6 17. f4 Rc7 18. Rfc1 Rfc8 19. Bxb4 Qxb4 20. Qb2
a4 21. Rxc7 Rxc7 22. Rb1 a3 23. Qe2 Qc3 24. Nf3 Bf5 25. Re1 Qb2 26. Rd1
Qxe2 0-1

[Event "Turniej Niepodleglosci 2022"]
[Site "Warsaw POL"]
[Date "2022.11.11"]
[Round "2.14"]
[White "Kacprzak, Karol"]
[Black "Golecki, Jan"]
[Result "1-0"]
[WhiteElo "2296"]
[BlackElo "2054"]

1. e4 e5 2. Nf3 Nc6 3. Bb5 d6 4. O-O Bd7 5. c3 g6 6. d4 Bg7 7. dxe5 Nxe5 8.
Bxd7+ Qxd7 9. Nxe5 Bxe5 10. Be3 Ne7 11. Nd2 O-O 12. f4 Bf6 13. f5 Nc6 14.
Bh6 Bg7 15. Bxg7 Kxg7 16. f6+ Kh8 17. Nf3 Qg4 18. Qb3 Qxe4 19. Rae1 Qg4 20.
Qxb7 Qd7 21. Qb5 Ne5 22. Qxd7 Nxd7 23. Re7 Nxf6 24. Rxc7 Kg7 25. Nd4 Rfe8
26. h3 h5 27. Rf2 d5 28. Kf1 Re5 29. Nc6 Re4 30. Nd4 a5 31. Rc6 Ne8 32. g3
Ra7 33. Kg2 Re3 34. a4 f5 35. Ne6+ Kf7 36. Nf4 Nf6 37. Rxf6+ Kg7 38. Rxg6+
Kf7 39. Rd6 Kf8 40. Rxd5 Rg7 41. Rxf5+ Ke8 42. Nxh5 1-0

[Event "Turniej Niepodleglosci 2022"]
[Site "Warsaw POL"]
[Date "2022.11.11"]
[Round "2.15"]
[White "Nurkiewicz, Maciej"]
[Black "Kedzierski, Slawomir"]
[Result "1-0"]
[WhiteElo "2246"]
[BlackElo "2041"]

1. e4 c6 2. d4 d5 3. Nc3 dxe4 4. Nxe4 Nd7 5. Ng5 Ndf6 6. N1f3 h6 7. Nxf7
Kxf7 8. Ne5+ Ke8 9. Bd3 Qd5 10. Bg6+ Kd8 11. Nf7+ Kc7 12. Bf4+ Kb6 13. c4
Qxc4 14. Nxh8 Nd5 15. Bd3 Qxd4 16. Qb3+ Qb4+ 17. Qxb4+ Nxb4 18. Bc4 Nf6 19.
O-O Nbd5 20. Be5 Bf5 21. Bd4+ Kc7 22. Nf7 e6 23. Rac1 Re8 24. Rfe1 Bb4 25.
Be5+ Kb6 26. Red1 Ne4 27. Bd3 Bc5 28. Bxe4 Bxe4 29. Nd6 Bxd6 30. Bxd6 Bf5
31. Be5 g6 32. f3 h5 33. Rd4 a5 34. g4 hxg4 35. fxg4 c5 36. Rdc4 Bd3 37.
Rxc5 Bb5 38. Bd4 Ka6 39. Rc8 Rxc8 40. Rxc8 b6 41. Rg8 Bd3 42. Re8 Nf4 43.
Be5 Ne2+ 44. Kf2 Nc1 45. Rxe6 Nxa2 46. Bd4 a4 47. Rxb6+ Ka5 48. h4 Nb4 49.
Rb8 Nc6 50. Bc3+ Ka6 51. Ra8+ Kb5 52. h5 gxh5 53. gxh5 Bc2 54. h6 Kc4 55.
Rc8 Kd5 56. Rc7 Nd8 57. Rd7+ 1-0

[Event "Turniej Niepodleglosci 2022"]
[Site "Warsaw POL"]
[Date "2022.11.11"]
[Round "2.16"]
[White "Mulawa, Cyprian"]
[Black "Karolczuk, Iwo"]
[Result "0-1"]
[WhiteElo "2049"]
[BlackElo "2245"]

1. e4 e5 2. Nf3 Nc6 3. Bb5 a6 4. Ba4 Nf6 5. O-O Be7 6. Re1 b5 7. Bb3 d6 8.
a4 Rb8 9. axb5 axb5 10. d3 O-O 11. Nc3 Be6 12. Nd5 Qd7 13. Bg5 Ne8 14. Ra6
Bxg5 15. Nxg5 Bxd5 16. Bxd5 Nb4 17. Ra7 Nxd5 18. exd5 h6 19. Nf3 Nf6 20. d4
e4 21. Nd2 Rfe8 22. c3 Re7 23. Qb3 Qf5 24. c4 Ng4 25. f3 Qf4 26. Nxe4 Qxh2+
27. Kf1 Qh1+ 28. Ke2 Qxg2+ 29. Kd1 Rbe8 30. fxg4 Qxg4+ 31. Kc1 Rxe4 32.
Rxe4 Rxe4 33. Ra8+ Kh7 34. Kb1 Qg1+ 35. Ka2 bxc4 36. Qf3 Qg6 37. Qh3 Qg4
38. Qf1 Qf4 39. Qxc4 Rxd4 40. Qc6 Rc4 41. Qe8 h5 42. Qg8+ Kg6 43. Qc8 Ra4+
44. Rxa4 Qxa4+ 45. Kb1 Qd1+ 46. Ka2 Qxd5+ 0-1

[Event "Turniej Niepodleglosci 2022"]
[Site "Warsaw POL"]
[Date "2022.11.11"]
[Round "2.17"]
[White "Chomczyk, Marek"]
[Black "Lewandrowski, Tomasz"]
[Result "1-0"]
[WhiteElo "2227"]
[BlackElo "1882"]

1. e4 c5 2. Nc3 d6 3. d4 cxd4 4. Qxd4 e5 5. Qd2 Nf6 6. b3 Be6 7. Bb2 Be7 8.
O-O-O O-O 9. Kb1 Nbd7 10. f4 exf4 11. Nge2 Bg4 12. Qxf4 Rc8 13. h3 Bh5 14.
g4 Bg6 15. Ng3 Re8 16. h4 h6 17. Nf5 Ne5 18. Bb5 Nfd7 19. Nxd6 Bxd6 20.
Rxd6 Qe7 21. Rhd1 Red8 22. R6d2 a6 23. Bxd7 Nxd7 24. h5 Bh7 25. Qd6 Qg5 26.
Nd5 Kh8 27. Ne7 Nf8 28. Nxc8 Rxd6 29. Nxd6 Kg8 30. Nf5 Ne6 31. Nxg7 Bxe4
32. Nxe6 fxe6 33. Rd8+ 1-0

[Event "Turniej Niepodleglosci 2022"]
[Site "Warsaw POL"]
[Date "2022.11.11"]
[Round "2.18"]
[White "Jedrusik, Adam"]
[Black "Deszczynski, Adam"]
[Result "1/2-1/2"]
[WhiteElo "1851"]
[BlackElo "2221"]

1. d4 Nf6 2. Bg5 Ne4 3. Bf4 e6 4. Nd2 Nxd2 5. Qxd2 d5 6. e3 b6 7. Nf3 Ba6
8. Bxa6 Nxa6 9. O-O c5 10. Qe2 c4 11. e4 Nb4 12. a3 Nc6 13. Rad1 Be7 14.
Ne5 Na5 15. Bd2 Rc8 16. exd5 Qxd5 17. Bxa5 bxa5 18. c3 O-O 19. Rd2 Rc7 20.
f4 Bd6 21. g3 Rb8 22. Re1 f6 23. Ng4 Re8 24. Qg2 Kf7 25. Qxd5 exd5 26. Rde2
Rxe2 27. Rxe2 Rd7 28. Ne3 Bf8 29. Kf2 h5 30. Kf3 g6 31. h3 Be7 32. g4 hxg4+
33. hxg4 Bd8 34. Rh2 Kg7 35. f5 g5 36. Nf1 Bc7 37. Re2 Bf4 38. Ng3 Bxg3 39.
Kxg3 Rb7 40. Kf3 Kf7 41. Kf2 a4 42. Ke1 Re7 43. Rxe7+ Kxe7 1/2-1/2

[Event "Turniej Niepodleglosci 2022"]
[Site "Warsaw POL"]
[Date "2022.11.11"]
[Round "2.19"]
[White "Spicak, Krzysztof"]
[Black "Bebel, Arkadiusz"]
[Result "0-1"]
[WhiteElo "1811"]
[BlackElo "2195"]

1. f4 c5 2. e4 Nc6 3. Nf3 d5 4. Nc3 d4 5. Nb1 Nf6 6. d3 e5 7. Nxe5 Nxe5 8.
fxe5 Ng4 9. Bf4 g5 10. h3 gxf4 11. hxg4 Qg5 12. Nd2 Bxg4 13. Nf3 Qe7 14.
Qd2 h5 15. Qxf4 Bh6 16. Qf6 Qxf6 17. exf6 Kd7 18. Ne5+ Ke6 19. Nxg4 hxg4
20. Be2 g3 21. Bg4+ Kxf6 22. Ke2 Be3 23. Raf1+ Bf2 24. Rxh8 Rxh8 25. c3 Ke5
26. cxd4+ Kxd4 27. Rc1 b5 28. a4 a6 29. axb5 axb5 30. Ra1 c4 31. dxc4 bxc4
32. Bf3 Rb8 33. Rd1+ Ke5 34. Rd5+ Kf6 35. Rd2 Rb3 36. Rc2 Re3+ 37. Kd2 Rxf3
38. gxf3 g2 39. Rc1 Bd4 40. f4 g1=Q 41. Rxg1 Bxg1 42. Kc3 Bh2 43. Kxc4 Bxf4
44. b4 Ke5 45. Kd3 Bh2 46. Ke3 Bg1+ 47. Kf3 Bb6 48. b5 Ba7 0-1

[Event "Turniej Niepodleglosci 2022"]
[Site "Warsaw POL"]
[Date "2022.11.11"]
[Round "2.20"]
[White "Zochowski, Kacper"]
[Black "Bartodziej, Bartosz"]
[Result "0-1"]
[WhiteElo "2194"]
[BlackElo "1757"]

1. Nf3 Nf6 2. c4 g6 3. b3 Bg7 4. Bb2 O-O 5. g3 c6 6. Bg2 d5 7. O-O Re8 8.
d3 b6 9. e3 Bb7 10. Nc3 e5 11. cxd5 cxd5 12. d4 e4 13. Ne5 Nfd7 14. Nxd7
Qxd7 15. f3 f5 16. fxe4 fxe4 17. Ba3 Ba6 18. Rf2 Nc6 19. Bf1 Bxf1 20. Qxf1
Ne7 21. Bxe7 Rxe7 22. Qa6 Bh6 23. Re1 Rf7 24. Rxf7 Qxf7 25. Qb5 Rd8 26. Qc6
Kg7 27. Rf1 Bxe3+ 28. Kg2 Qd7 29. Qf6+ Kg8 30. h4 Bh6 31. Qf2 Rf8 32. Qe2
Rxf1 33. Qxf1 Kg7 34. a4 Be3 35. Qd1 Qc6 36. Ne2 Qf6 37. Nc3 Qxd4 38. Qxd4+
Bxd4 39. Nxd5 a5 40. Kf1 Kf7 41. Ke2 Ke6 42. Nf4+ Kf5 43. h5 gxh5 44. Nxh5
Kg4 45. Nf4 Kxg3 46. Ne6 Bc5 47. Ng5 Kf4 48. Ne6+ Ke5 49. Ng5 Kf5 50. Nh3
Kg4 0-1

[Event "Turniej Niepodleglosci 2022"]
[Site "Warsaw POL"]
[Date "2022.11.11"]
[Round "3.1"]
[White "Bartel, Mateusz"]
[Black "Pacan-milej, Kosma"]
[Result "0-1"]
[WhiteElo "2533"]
[BlackElo "2302"]

1. e4 c6 2. Nf3 d5 3. d3 dxe4 4. dxe4 Qxd1+ 5. Kxd1 Nd7 6. Nfd2 f5 7. Nc3
Ngf6 8. exf5 Ne5 9. Nc4 Nxc4 10. Bxc4 Bxf5 11. Bb3 O-O-O+ 12. Ke2 e5 13.
Be3 b6 14. a3 Be7 15. Rad1 Ng4 16. Bc1 Bc5 17. f3 Bd4 18. Bg5 Nf6 19. g4
Bg6 20. Na4 b5 21. c3 bxa4 22. Be6+ Kb7 23. cxd4 exd4 24. Kf2 Rhe8 25. Bc4
h6 26. Bd2 Nd5 27. Rhe1 Ne3 28. Bxe3 dxe3+ 29. Ke2 Kb6 30. Rxd8 Rxd8 31.
Kxe3 Re8+ 32. Kd2 Rxe1 33. Kxe1 Kc5 34. Be2 Kd4 35. Kd2 Bf7 36. f4 Bd5 37.
f5 Ke4 38. h4 Kf4 39. Kc3 c5 40. Bd1 a5 41. Be2 Kg3 42. g5 Kxh4 43. gxh6
gxh6 44. Bb5 Kg5 45. Bxa4 h5 46. b4 axb4+ 47. axb4 h4 48. f6 Kxf6 49. Bd7
cxb4+ 50. Kxb4 Be6 51. Bc6 Ke5 52. Kc3 h3 0-1

[Event "Turniej Niepodleglosci 2022"]
[Site "Warsaw POL"]
[Date "2022.11.11"]
[Round "3.2"]
[White "Kozak, Antoni"]
[Black "Gajewski, Grzegorz"]
[Result "1-0"]
[WhiteElo "2326"]
[BlackElo "2489"]

1. Nf3 d5 2. e3 Nf6 3. c4 e6 4. b3 Bd6 5. Bb2 O-O 6. g3 Nbd7 7. Bg2 e5 8.
O-O e4 9. Ne1 dxc4 10. bxc4 Nc5 11. Nc3 Be6 12. Qe2 Re8 13. Nb5 Bf8 14. Rd1
Nd3 15. Bxf6 gxf6 16. Bxe4 Nc5 17. Bc2 f5 18. Ng2 Bg7 19. Nh4 c6 20. Nd4
Bxd4 21. exd4 Qxd4 22. Qh5 Qg4 23. Qh6 Rad8 24. h3 Qg7 25. Qh5 Nd3 26. Nxf5
Qg6 27. Qxg6+ hxg6 28. Ne3 Bxh3 29. Bxd3 Rxd3 30. Rfe1 Red8 31. g4 f5 32.
gxf5 gxf5 33. Kh2 Bg4 34. Rg1 Kf7 35. Nxg4 fxg4 36. Rxg4 Rxd2 37. Rf4+ Ke6
38. Re1+ Kd6 39. a4 Rg8 40. a5 Kc5 41. Re7 Rb2 42. Rff7 b6 43. Rxa7 Kxc4
44. Rf4+ Kd5 45. a6 Ra2 46. Rff7 b5 47. Rad7+ Kc5 48. a7 b4 49. Rb7 Ra8 50.
Kg3 Ra3+ 51. Kg4 b3 52. f4 Kc4 53. Rfc7 c5 54. f5 Ra4 55. f6 Kc3+ 56. Kg5
c4 57. f7 b2 58. Rb8 Ra5+ 59. Kg4 R8xa7 60. f8=Q Rxc7 61. Qb4+ 1-0

[Event "Turniej Niepodleglosci 2022"]
[Site "Warsaw POL"]
[Date "2022.11.11"]
[Round "3.3"]
[White "Nasuta, Grzegorz"]
[Black "Kacprzak, Karol"]
[Result "1-0"]
[WhiteElo "2452"]
[BlackElo "2296"]

1. e4 c5 2. Nf3 d6 3. d4 cxd4 4. Nxd4 Nf6 5. Nc3 a6 6. Be2 e5 7. Nb3 Be7 8.
Be3 Be6 9. Nd5 Nbd7 10. Qd3 O-O 11. O-O Bxd5 12. exd5 Nc5 13. Nxc5 dxc5 14.
Bf3 Bd6 15. Bg5 h6 16. Bh4 g6 17. Rae1 Kg7 18. c4 Re8 19. Qc3 Qc7 20. Bd1
Nd7 21. f4 f6 22. Ba4 Rf8 23. Bxd7 Qxd7 24. Bxf6+ Rxf6 25. fxe5 Rxf1+ 26.
Rxf1 Kh7 27. e6 Bxh2+ 28. Kxh2 Qd6+ 29. Qg3 Qd8 30. Rf7+ Kh8 31. Qe5+ 1-0

[Event "Turniej Niepodleglosci 2022"]
[Site "Warsaw POL"]
[Date "2022.11.11"]
[Round "3.4"]
[White "Kowalski, Igor"]
[Black "Krasenkow, Michal"]
[Result "1-0"]
[WhiteElo "2299"]
[BlackElo "2450"]

1. d4 d5 2. c4 e6 3. Nc3 c6 4. e4 dxe4 5. Nxe4 Bb4+ 6. Bd2 Qxd4 7. Bxb4
Qxe4+ 8. Ne2 Na6 9. Bf8 Ne7 10. Bxg7 Rg8 11. Bf6 Rg6 12. Bc3 Nc5 13. Qd4
Qxd4 14. Bxd4 Nd7 15. Ng3 c5 16. Bc3 Nc6 17. O-O-O Nde5 18. Ne4 b6 19. h3
f5 20. Nd6+ Ke7 21. f4 Nf7 22. Nxf7 Kxf7 23. g4 Ne7 24. Bg2 Rb8 25. Be5 Bb7
26. Bxb8 Bxg2 27. Rh2 Bf3 28. Rd3 Be4 29. Rd7 Ke8 30. Rxa7 fxg4 31. hxg4
Rxg4 32. Be5 Nc6 33. Rb7 Nxe5 34. Rb8+ Kd7 35. fxe5 Kc7 36. Re8 Bf5 37. b3
Re4 38. Re7+ Kc6 39. Rd2 b5 40. Rd6# 1-0

[Event "Turniej Niepodleglosci 2022"]
[Site "Warsaw POL"]
[Date "2022.11.11"]
[Round "3.5"]
[White "Jakubowski, Krzysztof"]
[Black "Nurkiewicz, Maciej"]
[Result "1-0"]
[WhiteElo "2404"]
[BlackElo "2246"]

1. c4 c5 2. Nf3 Nc6 3. d4 cxd4 4. Nxd4 g6 5. e4 Bg7 6. Be3 Nf6 7. Nc3 O-O
8. Be2 d6 9. O-O Bd7 10. Nc2 Rc8 11. f3 Be6 12. Qd2 Qa5 13. Rab1 a6 14. a4
Qc7 15. b3 Nd7 16. f4 f5 17. exf5 gxf5 18. Bf3 Nf6 19. Rfe1 Bf7 20. Nd4 Qd7
21. Rbd1 Ng4 22. Bxg4 fxg4 23. Nd5 Bxd5 24. cxd5 Nxd4 25. Bxd4 Rf5 26. Bxg7
Kxg7 27. Qd4+ Kf7 28. Rd3 Qc7 29. Qe4 Qd7 30. b4 h5 31. Rde3 Re8 32. Qd3
Qc8 33. Re6 1-0

[Event "Turniej Niepodleglosci 2022"]
[Site "Warsaw POL"]
[Date "2022.11.11"]
[Round "3.6"]
[White "Karolczuk, Iwo"]
[Black "Janczarski, Michal"]
[Result "1-0"]
[WhiteElo "2245"]
[BlackElo "2401"]

1. e4 c6 2. Nc3 g6 3. d4 d5 4. Nf3 Bg4 5. Be2 Bg7 6. Be3 dxe4 7. Nxe4 Nh6
8. Ng3 Nf5 9. Nxf5 Bxf5 10. Qd2 Nd7 11. O-O Nf6 12. c3 O-O 13. Bh6 Qb6 14.
Bxg7 Kxg7 15. Rad1 Rad8 16. Qc1 Qa5 17. a3 Bg4 18. h3 Bxf3 19. Bxf3 Rfe8
20. Rfe1 Qc7 21. Qg5 h6 22. Qc5 Qb6 23. Qxb6 axb6 24. Re3 b5 25. Rde1 e6
26. Bd1 Rd6 27. Bb3 Red8 28. Re5 Nd7 29. R5e2 b6 30. f3 c5 31. dxc5 bxc5
32. Bc2 Nb6 33. Bb3 Rd2 34. Kf2 Kf6 35. g3 g5 36. Rh1 h5 37. h4 g4 38. fxg4
hxg4 39. Re1 R8d3 40. Rxd2 Rxd2+ 41. Re2 Rxe2+ 42. Kxe2 Ke5 43. Ke3 f5 44.
Kf2 c4 45. Bd1 Na4 46. Bxa4 bxa4 47. Ke3 Kf6 48. Kd4 e5+ 49. Kxc4 f4 50.
Kd3 Kf5 51. c4 fxg3 52. Ke3 1-0

[Event "Turniej Niepodleglosci 2022"]
[Site "Warsaw POL"]
[Date "2022.11.11"]
[Round "3.7"]
[White "Kanarek, Marcel"]
[Black "Chomczyk, Marek"]
[Result "1-0"]
[WhiteElo "2388"]
[BlackElo "2227"]

1. e4 e5 2. Nf3 Nf6 3. Nxe5 Nxe4 4. Qe2 Qe7 5. Qxe4 d6 6. d4 dxe5 7. dxe5
Nc6 8. Nc3 Qxe5 9. Qxe5+ Nxe5 10. Nb5 Bb4+ 11. c3 Ba5 12. Bf4 f6 13. O-O-O
a6 14. Nd4 Bb6 15. Bxe5 fxe5 16. Re1 O-O 17. Bc4+ Kh8 18. Rxe5 Bd7 19. f3
Rf4 20. Rd1 Ba4 21. Bb3 Bxb3 22. axb3 Bxd4 23. Rxd4 Rf7 24. Red5 Raf8 25.
Rd8 Kg8 26. Rxf8+ Kxf8 27. Rd8+ Ke7 28. Rb8 b6 29. b4 Rf6 30. Rc8 Kd7 31.
Rg8 Rf7 32. Kd2 Kc6 33. Kd3 Re7 34. h4 Kd5 35. g4 Ke5 36. Ke3 Kd5+ 37. Kd3
Ke5 38. Rf8 g6 39. f4+ Ke6 40. Ra8 Rd7+ 41. Ke2 Kd5 42. Re8 Kd6 43. Kf3 a5
44. bxa5 bxa5 45. f5 Rf7 46. Kf4 Kd7 47. Re5 a4 48. Ra5 gxf5 49. gxf5 Rg7
50. Rxa4 Rg2 51. Re4 Rxb2 52. Kg5 Rc2 53. c4 Rf2 54. Kf6 h5 55. Kg6 Rg2+
56. Kxh5 c5 57. f6 1-0

[Event "Turniej Niepodleglosci 2022"]
[Site "Warsaw POL"]
[Date "2022.11.11"]
[Round "3.8"]
[White "Bebel, Arkadiusz"]
[Black "Piesik, Piotr"]
[Result "1/2-1/2"]
[WhiteElo "2195"]
[BlackElo "2376"]

1. Nf3 g6 2. e4 Bg7 3. d4 c6 4. Bd3 d6 5. O-O Nd7 6. Re1 e5 7. c3 Ngf6 8.
Nbd2 O-O 9. a4 Qc7 10. a5 Re8 11. Nf1 Rb8 12. Ng3 b5 13. axb6 axb6 14. h3
b5 15. Bc2 c5 16. dxe5 dxe5 17. Be3 Bb7 18. Qe2 Bc6 19. b4 Bf8 20. bxc5
Nxc5 21. Bxc5 Bxc5 22. Bb3 Rf8 23. Ra6 Ra8 24. Rxa8 Rxa8 25. Ng5 Be8 26. h4
h5 27. Nf1 Ra3 28. Qb2 Ng4 29. Ne3 Nxe3 30. Rxe3 Bxe3 31. Qxa3 Bxg5 32.
hxg5 Kg7 33. Bd5 Qd8 34. Qc1 Qc8 35. Qe3 Qc7 36. Kh2 Qe7 37. g3 b4 38. cxb4
Qxb4 39. Qf3 Qe7 40. Qe3 Ba4 41. Kg2 1/2-1/2

[Event "Turniej Niepodleglosci 2022"]
[Site "Warsaw POL"]
[Date "2022.11.11"]
[Round "3.9"]
[White "Bartodziej, Bartosz"]
[Black "Psyk, Radoslaw"]
[Result "0-1"]
[WhiteElo "1757"]
[BlackElo "2330"]

1. e4 Nf6 2. e5 Nd5 3. d4 d6 4. Nf3 dxe5 5. Nxe5 c6 6. Be2 Bf5 7. O-O Nd7
8. Nf3 e6 9. c4 N5f6 10. Nc3 Ne4 11. Nxe4 Bxe4 12. Bd3 Bxd3 13. Qxd3 Be7
14. Re1 O-O 15. Bf4 Bf6 16. Rad1 Re8 17. b3 Qa5 18. Qe2 Rad8 19. h3 h6 20.
Rd2 b5 21. Red1 bxc4 22. Qxc4 Rc8 23. b4 Qa4 24. Ne5 Nb6 25. Qc5 Nd5 26.
Bg3 Nxb4 27. Nd7 Nd5 28. Nxf6+ Nxf6 29. Be5 Ne4 30. Qc1 Nxd2 31. Qxd2 c5
32. dxc5 Rxc5 33. Qe2 Rxe5 0-1

[Event "Turniej Niepodleglosci 2022"]
[Site "Warsaw POL"]
[Date "2022.11.11"]
[Round "3.10"]
[White "Deszczynski, Adam"]
[Black "Kowalczyk, Rafal"]
[Result "0-1"]
[WhiteElo "2221"]
[BlackElo "2093"]

1. e4 e5 2. Bc4 Nf6 3. d3 Nc6 4. Nf3 Be7 5. O-O d6 6. a4 O-O 7. Re1 Na5 8.
Ba2 c5 9. Nbd2 a6 10. Nc4 Nxc4 11. Bxc4 b6 12. c3 Qc7 13. Bg5 Bd7 14. Qb3
Bc6 15. Bxf6 Bxf6 16. Bd5 g6 17. g3 Rab8 18. Bxc6 Qxc6 19. h4 h5 20. Nd2
Bg7 21. Nc4 Bh6 22. a5 b5 23. Nb6 Kh7 24. Qd5 Qc7 25. Re2 Rbe8 26. b4 Bg7
27. bxc5 dxc5 28. Qd7 Qd8 29. Rd1 Re7 30. Qxd8 Rxd8 31. Nd5 Rb7 32. Rb1 Rd6
33. Reb2 Bf6 34. Kf1 Bd8 35. Ra2 Kg7 36. Ke2 f5 37. f3 Rf7 38. Rf1 Rc6 39.
Rh1 c4 40. dxc4 fxe4 41. fxe4 Rxc4 42. Kd3 Rf3+ 43. Ne3 Be7 44. Ke2 Rxe3+
45. Kxe3 Rxc3+ 46. Kf2 Bc5+ 47. Kg2 Bd4 48. Re1 b4 49. Ra4 Rc2+ 50. Kh3 b3
51. Rb4 b2 52. Rb1 Kf7 53. Rb6 Ke7 54. g4 hxg4+ 55. Kxg4 Bxb6 56. axb6 Kd7
57. Kg5 a5 58. Kxg6 a4 59. h5 a3 60. h6 a2 61. Rd1+ Kc6 62. h7 Rh2 0-1

[Event "Turniej Niepodleglosci 2022"]
[Site "Warsaw POL"]
[Date "2022.11.11"]
[Round "3.11"]
[White "Jarocka, Liwia"]
[Black "Celinski, Kamil"]
[Result "1/2-1/2"]
[WhiteElo "1989"]
[BlackElo "1860"]

1. e4 e5 2. Nf3 Nc6 3. Bb5 a6 4. Ba4 Nf6 5. O-O Be7 6. Re1 b5 7. Bb3 O-O 8.
a4 Bb7 9. Nc3 Nd4 10. Nxd4 exd4 11. Nd5 Nxd5 12. Bxd5 c6 13. Ba2 c5 14. d3
Re8 15. Qf3 Bf6 16. Bf4 Rc8 17. axb5 axb5 18. Bd5 Bxd5 19. exd5 Rxe1+ 20.
Rxe1 Qa5 21. Qe2 h6 22. b3 Qc3 23. h3 c4 24. bxc4 bxc4 25. Rd1 cxd3 26.
cxd3 Qc2 27. Qg4 Qb3 28. Kh2 Qxd5 29. Bxh6 Qe6 30. Bf4 Qxg4 31. hxg4 Rc3
32. g5 Be7 33. Kg3 Kh7 34. Kf3 Kg6 35. Ke4 Bxg5 36. Bxg5 Kxg5 37. Kxd4 Rc2
38. Ke3 Kf5 39. Ra1 Rb2 40. Ra6 Ke5 41. g3 d6 42. Ra8 Ke6 43. Re8+ Kd7 44.
Re4 Rb5 45. Ra4 Ke6 46. Ra7 g6 47. Ra8 Re5+ 48. Kf3 Rf5+ 49. Ke2 Re5+ 50.
Kd2 Rf5 51. Ke3 Re5+ 52. Kd2 1/2-1/2

[Event "Turniej Niepodleglosci 2022"]
[Site "Warsaw POL"]
[Date "2022.11.11"]
[Round "3.12"]
[White "Golubka, Petro"]
[Black "Jedrusik, Adam"]
[Result "1-0"]
[WhiteElo "2360"]
[BlackElo "1851"]

1. e4 c6 2. d4 d5 3. f3 dxe4 4. fxe4 e5 5. Nf3 Bg4 6. Bc4 Nd7 7. h3 Bxf3 8.
Qxf3 Ngf6 9. c3 Be7 10. Be3 Qc7 11. Nd2 Rd8 12. O-O-O b5 13. Bb3 exd4 14.
cxd4 c5 15. Bf4 Qc8 16. e5 Ng8 17. Kb1 c4 18. Bc2 Nb6 19. Ne4 Nd5 20. Nd6+
Bxd6 21. Qxd5 Be7 22. Qxb5+ Kf8 23. Rhf1 g5 24. Bc1 Kg7 25. d5 1-0